[Event "Sterling Cherry Blossom op 12th"]
[Site "Sterling"]
[Date "2025.05.26"]
[Round "8"]
[White "Srinivasan, Sivavishnu"]
[Black "Atassi, Celine"]
[Result "0-1"]
[WhiteElo "1900"]
[BlackElo "1912"]
[PlyCount "82"]
[EventDate "2025.05.22"]
[EventType "swiss"]
[EventRounds "9"]
[EventCountry "USA"]
[SourceTitle "CB22_2025"]
[SourceDate "2025.05.28"]
[SourceVersion "1"]
[SourceVersionDate "2025.05.28"]
[SourceQuality "1"]

1. e4 c6 2. Nf3 d5 3. Nc3 dxe4 4. Nxe4 Nf6 5. Qe2 Nxe4 6. Qxe4 Be6 7. b3 Nd7 8. Bb2 Nf6 9. Qb4 Qd7 10. Ne5 Qc7 11. Bd3 g6 12. 0-0-0 Bg7 13. Rde1 0-0 14. Qh4 a5 15. g4 a4 16. Qg3 Qd6 17. f4 axb3 18. axb3 Ra2 19. c4 Nxg4 20. h3 Nxe5 21. fxe5 Qb4 22. Bb1 Raa8 23. h4 Rfd8 24. Qc3 Qxc3+ 25. Bxc3 b5 26. cxb5 cxb5 27. Kb2 Rab8 28. b4 Bh6 29. d4 Rbc8 30. Be4 Bd5 31. Bxd5 Rxd5 32. Rhf1 e6 33. Rf3 Rc7 34. Kb3 Bg7 35. Ref1 h5 36. R1f2 Rd8 37. Ra2 Bf8 38. Raf2 Ra7 39. Rf1 Bh6 40. Bb2 Rdd7 41. Rc1 Bxc1 0-1

[Event "Sterling Cherry Blossom op 12th"]
[Site "Sterling"]
[Date "2025.05.22"]
[Round "1"]
[White "Zhuang, Kyle"]
[Black "Atassi, Celine"]
[Result "1-0"]
[WhiteElo "2144"]
[BlackElo "1912"]
[PlyCount "111"]
[EventDate "2025.05.22"]
[EventType "swiss"]
[EventRounds "9"]
[EventCountry "USA"]
[SourceTitle "CB22_2025"]
[SourceDate "2025.05.28"]
[SourceVersion "1"]
[SourceVersionDate "2025.05.28"]
[SourceQuality "1"]

1. e4 c6 2. Nc3 d5 3. Nf3 dxe4 4. Nxe4 Nf6 5. Qe2 Nxe4 6. Qxe4 Be6 7. c4 Nd7 8. b3 Nf6 9. Qc2 g6 10. Bb2 Bf5 11. d3 Bg7 12. Be2 0-0 13. 0-0 Qd7 14. Rad1 Rfd8 15. h3 c5 16. Qc1 Qe6 17. Rfe1 Qa6 18. Qa1 Rac8 19. d4 Ne4 20. Bd3 Nd6 21. dxc5 Bxb2 22. Qxb2 Rxc5 23. Bxf5 Rxf5 24. Rxe7 Qb6 25. Re5 Rxe5 26. Qxe5 Nf5 27. Rxd8+ Qxd8 28. g4 Nh4 29. Nxh4 Qxh4 30. Qb8+ Kg7 31. Kg2 Qe7 32. Qxa7 h5 33. Qd4+ Kh7 34. Kg3 hxg4 35. hxg4 Qe1 36. Qd5 Kg7 37. Qxb7 Qg1+ 38. Qg2 Qa1 39. a4 Qe5+ 40. Kh3 f5 41. g5 Qe2 42. Qg3 Qe7 43. Qc3+ Kh7 44. Qf6 Qb7 45. Kh2 Qc7+ 46. Kg1 Qd7 47. Qc3 f4 48. Kh2 Qe7 49. Qf6 Qc7 50. c5 f3+ 51. Qd6 Qg7 52. c6 Qb2 53. Qe7+ Kg8 54. Qe6+ Kh7 55. Qf7+ Kh8 56. Qf6+ 1-0